00936nam a2200229 i 450000100060000000300090000600500170001500700030003200800410003510000250007624501590010126000570026030000480031749000500036550000160041550001170043170000210054870000220056971000440059183000500063585200210068560589ES-MaACL20230906164250.0t|031105s1930 ag ||||1| spa d1 aEspinosa, Aurelio M.10aEstudios sobre el español de Nuevo Méjico / cpor Aurelio M. Espinosa ; traducción y reelaboración con notas por Armando Alonso y Angel Rosenblat. aBuenos Aires : b[s.n.], c1930 (fImp. universidad) a472 p., 1 lám. 1 gráf. pleg. ; c23 cm.1 aBiblioteca de dialectología hispanomericana aEs el T. I. aPrecede al tít.: Facultad de Filosofía y Letras de la Universidad de Buenos Aires. Instituto de Filología.1 aAlonso, Armando.1 aRosenblat, Angel.2 aInstituto de Filología (Buenos Aires)0 aBiblioteca de dialectología hispanomericana aES-MaACLjC-7240